000 00362nam a22001337a 4500
005 20250901165813.0
008 250328b |||||||| |||| 00| 0 eng d
020 _a9789966011572
050 _aPL 8704 .L46 2011
245 _aMwavaji wa Roho na hadithi nyingine
_cLeonard Sanja Leo
260 _aNairobi:
_bFocus,
_c2012.
300 _a184 p.:
_c18 cm.
942 _2lcc
999 _c9442
_d9442